000
00308nam a22001337a 4500
008
170727b xxu||||| |||| 00| 0 eng d
020
_a
9780073515359
041
_a
eng
080
_2
8TH
_a
004
100
_a
31
101
_a
SHK
245
_a
SCIENCE,TECHINOLOGY, AND SOCIETY
_c
EASTON,TH.A
942
_2
udc
_c
BK
999
_c
22025
_d
22025